000 00718nam a2200205Ii 4500
003 JO-AjNU
008 230605s9999||||xx |||||||||||||| ||und||
040 _aJO-AjNU
_bara
_erda
_cJO-AjNU
041 _aara
050 1 4 _aMT898 1985
100 3 _aمحمد، عواطف إبراهيم تأليف/دويدار، ساري ملحن م.ملحن,
_eauthor
_98366
245 0 0 _a أغاني أطفال دور الحضانة
250 _aط2
264 3 1 _aالقاهرة: مكتبة الأنجلو المصرية،1985
300 _a45ص
336 _atext
_btxt
_2rdacontent
337 _aunmediated
_bn
_2rdamedia
338 _avolume
_bnc
_2rdacarrier
650 4 _a أغاني الأطفال-رياض الأطفال
_98367
999 _aA751
_c4319
_d4319